Osiedla miasta Bielsko-Biała - Statystyki

Ogólne statystyki
  • Ten quiz został rozwiązany 142 razy
  • Średni wynik to 11 z 30
Statystyki odpowiedzi
Lp. Osiedle % Poprawnych
30 Złote Łany
84%
13 Karpackie
74%
2 Beskidzkie
67%
28 Wapienica
64%
18 Lipnik
62%
29 Wojska Polskiego
56%
25 Stare Bielsko
55%
11 Hałcnów
54%
23 Polskich Skrzydeł
53%
12 Kamienica
52%
16 Kopernika
50%
26 Straconka
48%
1 Aleksandrowice
41%
21 Mikuszowice Śląskie
41%
14 Komorowice Krakowskie
39%
15 Komorowice Śląskie
38%
20 Mikuszowice Krakowskie
37%
24 Słoneczne
37%
10 Grunwaldzkie
26%
17 Leszczyny
22%
9 Górne Przedmieście
20%
8 Dolne Przedmieście
19%
22 Piastowskie
17%
4 Biała Północ
14%
3 Biała Krakowska
13%
19 Mieszka I
12%
7 Bielsko Południe
10%
5 Biała Śródmieście
9%
6 Biała Wschód
9%
27 Śródmieście Bielsko
2%
Nie znaleziono quizów pasujących do podanych kryteriów
Rozkład punktacji
Procent ludzi z każdym wynikiem
Percentyl według liczby udzielonych odpowiedzi
Twoja historia wyników
Nie rozwiązałeś tego quizu